Ideals and reality : projective modules and number of generators of ideals /
Guardado en:
| Autor Principal: | |
|---|---|
| Otros Autores: | |
| Formato: | Libro |
| Idioma: | English |
| Publicado: |
Berlin :
Springer,
c2005.
|
| Series: | Springer monographs in mathematics,
|
| Materias: | |
| Acceso en línea: | Publisher description |
| Etiquetas: |
Agregar Etiqueta
Sin Etiquetas, Sea el primero en etiquetar este registro!
|
| LEADER | 00977cam a22002654a 4500 | ||
|---|---|---|---|
| 001 | MAT.inmabb004001 | ||
| 008 | 040930s2005####gw#a#####b####001#0#eng## | ||
| 005 | 20130326130621.0 | ||
| 245 | 1 | 0 | |a Ideals and reality : |b projective modules and number of generators of ideals / |c Friedrich Ischebeck, Ravi A. Rao. |
| 260 | |a Berlin : |b Springer, |c c2005. | ||
| 300 | |a xiv, 336 p. : |b il. ; |c 24 cm. | ||
| 440 | 0 | |a Springer monographs in mathematics, |x 1439-7382 | |
| 504 | |a Incluye referencias bibliográficas e índice. | ||
| 510 | 4 | |a MR, |c 2005i:13014 | |
| 020 | |a 3540230327 | ||
| 100 | 1 | |a Ischebeck, Friedrich. | |
| 700 | 1 | |a Rao, Ravi A. | |
| 650 | 0 | |a Projective modules (Algebra) | |
| 650 | 0 | |a Ideals (Algebra) |x Generators. | |
| 650 | 0 | |a Commutative rings. | |
| 084 | |a 13C10 |2 msc2000 | ||
| 010 | |a 2004114476 | ||
| 040 | |a DLC |c DLC |d DLC | ||
| 856 | 4 | 2 | |3 Publisher description |u http://www.loc.gov/catdir/enhancements/fy0662/2004114476-d.html |
| 859 | |h 13 |i Is77 |p A-8369 |b BIB. MATEMATICA | ||
